00703nam a2200241 a 4500001001300000003000900013005001700022008004100039020001000080082001700090100002600107245002700133260003300160300000800193500003500201505003000236650002400266700002600290902000800316942000700324952011700331999001300448nice12345678IN_TiNIC20260116011334.0050524s1924 teha grp 000 0 per  ac10000a891.51bSAA4 aSaadi, Sk Muslehuddin aKarima and Other Books aTehranbFirdoosi Pressc1924 a64p aincludes index and biblioraphy2 aVol.3, 2 Copies and Vol.4 aPersia- Poetry-Sufi1 aSaadi, Sk Muslehuddin bRBA cBK 001040708RareBook->aHMIbHMId2007-06-01g100.00l0o891.51 SAA4p04438r2007-06-01v100.00w2005-05-24yBK c643d643